The closest any of my JetPunk friends have been to India - Statistics

General Stats
  • This quiz has been taken 14 times
    2 since last reset
  • The average score is 8 of 30
Answer Stats
Friend name Distance to India Closest my friend has been to India % Correct
NV1 Has visited Uttar Pradesh, Haryana, New Delhi, Punjab, Maharashtra India
100%
kalbahamut Has visited Uttar Pradesh, Haryana, New Delhi, and Rajasthan India
100%
thegoatisgoaty Has visited Uttar Pradesh, Maharashtra, Karnataka, Andhra Pradesh, Tamil Nadu India
100%
HinesBrothers Has visited Uttar Pradesh, Haryana, Andhra Pradesh, New Delhi India
100%
CardinalSin Has visited Himachal Pradesh, Rajasthan, Uttar Pradesh, New Delhi, Madhya Pradesh, Haryana India
100%
DawnX 1,379.37 mi (2,219.87 km) Russia
50%
TheoLomone 46.36 mi (74.60 km) Yunnan/Yunnan, China
50%
Tenz 46.36 mi (74.60 km) Yunnan/Yunnan, China
50%
tyymh 46.36 mi (74.60 km) Yunnan/Yunnan, China
50%
uoiunion 46.36 mi (74.60 km) Yunnan/Yunnan, China
50%
LoganP25 2,896.28 mi (4,661.10 km) Austria
0%
billybobduncan 7,000.21 mi (11,265.75 km) California, U.S.
0%
Pontiac 7,531.53 mi (12,120.82 km) Delaware/Delaware, U.S.
0%
Ximena73 801.94 mi (1,290.60 km) Dubai, U.A.E.
0%
Fuse 3,530.72 mi (5,682.14 km) England/England, U.K.
0%
HubertThePhoenix 3,298.02 mi (5,307.65 km) Holland/ The Netherlands
0%
Cog 2,085.18 mi (3,355.77 km) Israel
0%
DictatorTal 2,085.18 mi (3,355.77 km) Israel
0%
FlabberBapper 6,309.85 mi (10,154.72 km) Maine/Maine, U.S.
0%
ShievaAndGolly 6,841.87 mi (11,010.92 km) Montana/Montana, U.S.
0%
geographygenius1 6,711.85 mi (10,801.67 km) New Jersey/New Jersey, U.S.
0%
LuckyCat 7,728.27 mi (12,437.44 km) North Carolina/North Carolina, U.S.
0%
encomium16 7,728.27 mi (12,437.44 km) North Carolina/North Carolina, U.S.
0%
Capybarra 7,728.27 mi (12,437.44 km) North Carolina/North Carolina, U.S.
0%
ZappzappZAPP123 5,186.37 mi (8,346.65 km) Northern Territory/Northern Territory, Australia
0%
VerticalPi 2,303.88 mi (3,707.74 km) Romania
0%
DrakiGuy 2,644.97 mi (4,256.67 km) Serbia
0%
samdog99 Unknown Unknown
0%
Jacktheguy Unknown Unknown
0%
HelveticaBold Unknown Unknown
0%
No matching quizzes found
Score Distribution
Percent of People with Each Score
Percentile by Number Answered
Your Score History
You have not taken this quiz since the last reset